000 00354nam a2200157Ia 4500
005 20240807062416.0
008 240806s9999||||xx |||||||||||||| ||eng||
041 _aeng
082 _a891.433
_bSHAK
100 _aShani
245 0 _aKala jal /
_cShani
260 _bNational Publishing House
300 _a0
650 _aGeneral Studies
942 _cBK
999 _c18121
_d18121